000 00653nam a2200253Ia 4500
003 OSt
005 20221005031510.0
006 a|||||r|||| 00| 0
007 ta
008 221004b |||||||| |||| 00| 0 urd d
020 _c6.00
024 _a65084
037 _cTextual
040 _aCRL
_cCRL
_burd
041 _2urd
_aurd
082 _aO168,3x, 31K7;1
100 _aMukthar Au.
_9583834
245 0 _aNambikkai Natchathiram
260 _aChennai
_bArunodhayam India
_c1967
300 _a328p.
_ccm.
650 _aURDU LITERATURE
942 _hO168,3x, 31K7;1
_cTEXL
_2cc
999 _c937894
_d937894